000
00303nam a22001097a 4500
008
170118b xxu||||| |||| 00| 0 eng d
020
_a
9780833087041
041
_a
eng
080
_a
618.2
245
_a
FINDINGS FROM EXISTING DATA ON THE DEPARTMENT OF DEFENSE INDUSTRIAL BASE
_c
MOORE, N,Y
942
_2
udc
_c
BK
999
_c
3064
_d
3064